000 00531cam a2200181 4500500
005 20260329001816.0
041 _afre
042 _adc
100 1 0 _aOrtoli, Sven
_eauthor
245 0 0 _aCombat perdu
260 _c2009.
500 _a32
690 _aEtienne Balibar
690 _aPeter Sloterdijk
690 _aRichard Sennett
786 0 _nPhilosophie magazine | 30 | 6 | 2009-06-01 | p. 1-1 | 1951-1787
856 4 1 _uhttps://shs.cairn.info/magazine-philosophie-magazine-2009-6-page-1?lang=fr&redirect-ssocas=7080
999 _c1808846
_d1808846